Cinema italiano : the complete guide from classics to cult /
Saved in:
| Main Author: | |
|---|---|
| Format: | Book |
| Language: | English |
| Published: |
London ; New York :
I. B. Tauris,
2011.
|
| Subjects: | |
| Tags: |
Add Tag
No Tags, Be the first to tag this record!
|
| LEADER | 00829cam a2200265Ia 4500 | ||
|---|---|---|---|
| 001 | 012811124-0 | ||
| 005 | 20110720101005.0 | ||
| 008 | 101102s2011 enka b 001 0 eng d | ||
| 020 | |a 1848856083 | ||
| 020 | |a 9781848856080 | ||
| 020 | |a 1848856075 | ||
| 020 | |a 9781848856073 | ||
| 035 | 0 | |a ocn676871507 | |
| 040 | |a YDXCP |c YDXCP |d OKU |d CDX |d UV0 |d ERASA | ||
| 043 | |a e-it--- | ||
| 090 | |a PN1993.5.I88 |b H85 2011 | ||
| 100 | 1 | |a Hughes, Howard, |d 1971- | |
| 245 | 1 | 0 | |a Cinema italiano : |b the complete guide from classics to cult / |c Howard Hughes. |
| 260 | |a London ; |a New York : |b I. B. Tauris, |c 2011. | ||
| 300 | |a xiv, 311 p. : |b ill. ; |c 25 cm. | ||
| 504 | |a Includes bibliographical references (p. [297]-299) and indexes. | ||
| 650 | 0 | |a Motion pictures |z Italy |x History. | |
| 899 | |a 415_565460 | ||
| 988 | |a 20110621 | ||
| 906 | |0 OCLC | ||


